ბათუმის შოთა რუსთაველის სახელმწიფო უნივერსიტეტის ბიბლიოთეკა

Molecular cloning : (ბიბ.ჩანაწერი № 59052)

000 -LEADER
fixed length control field 01227cam a2200313 a 4500
001 - CONTROL NUMBER
control field 17131142
005 - DATE AND TIME OF LATEST TRANSACTION
control field 20221114152848.0
008 - FIXED-LENGTH DATA ELEMENTS--GENERAL INFORMATION
fixed length control field 120123s2012 nyua b 001 0 eng
020 ## - INTERNATIONAL STANDARD BOOK NUMBER
International Standard Book Number 9781936113415 (cloth) X
020 ## - INTERNATIONAL STANDARD BOOK NUMBER
International Standard Book Number 1936113414 (cloth) X
020 ## - INTERNATIONAL STANDARD BOOK NUMBER
International Standard Book Number 9781936113422 (pbk.) X
020 ## - INTERNATIONAL STANDARD BOOK NUMBER
International Standard Book Number 1936113422 (pbk.) X
080 ## - UNIVERSAL DECIMAL CLASSIFICATION NUMBER
Universal Decimal Classification number 572.8 G-78
100 1# - MAIN ENTRY--PERSONAL NAME
Personal name Green, Michael R.
Fuller form of name (Michael Richard),
Dates associated with a name 1954-
9 (RLIN) 15796
245 10 - TITLE STATEMENT
Title Molecular cloning :
Remainder of title a laboratory manual : Volume 1 /
Statement of responsibility, etc. Michael R. Green, Joseph Sambrook.
250 ## - EDITION STATEMENT
Edition statement 4th ed.
264 ## - PRODUCTION, PUBLICATION, DISTRIBUTION, MANUFACTURE, AND COPYRIGHT NOTICE
Place of production, publication, distribution, manufacture Cold Spring Harbor, N.Y. :
Name of producer, publisher, distributor, manufacturer Cold Spring Harbor Laboratory Press,
Date of production, publication, distribution, manufacture, or copyright notice c2012.
300 ## - PHYSICAL DESCRIPTION
Extent 3 v. (xxxiii, 1890, 46 p.) :
Other physical details ill. (some col.) ;
Dimensions 29 cm.
500 ## - GENERAL NOTE
General note Rev. ed. of: Molecular cloning : a laboratory manual / Joseph Sambrook, David W. Russell. 2001.
504 ## - BIBLIOGRAPHY, ETC. NOTE
Bibliography, etc. note Includes bibliographical references and index.
653 ## - INDEX TERM--UNCONTROLLED
keyword Molecular cloning
653 ## - INDEX TERM--UNCONTROLLED
keyword Laboratory manuals.
653 ## - INDEX TERM--UNCONTROLLED
keyword მოლეკულური კლონირება
653 ## - INDEX TERM--UNCONTROLLED
keyword ბიოლოგია
653 ## - INDEX TERM--UNCONTROLLED
keyword V. 1. Pt. 1. Essentials
700 1# - ADDED ENTRY--PERSONAL NAME
Personal name Sambrook, Joseph.
9 (RLIN) 15798
700 1# - ADDED ENTRY--PERSONAL NAME
Personal name Sambrook, Joseph.
Title of a work Molecular cloning.
9 (RLIN) 15799
942 ## - ADDED ENTRY ELEMENTS (KOHA)
Source of classification or shelving scheme
Koha item type წიგნი
ეგზემპლარები
Withdrawn status Lost status Source of classification or shelving scheme Damaged status Not for loan Permanent Location Current Location Shelving location Date acquired Cost, normal purchase price Full call number Barcode Date last seen Copy number Price effective from Koha item type Public note
          ბათუმის შოთა რუსთაველის სახელმწიფო უნივერსიტეტის მთავარი ბიბლიოთეკა ბათუმის შოთა რუსთაველის სახელმწიფო უნივერსიტეტის მთავარი ბიბლიოთეკა წიგნსაცავი 2022-11-14 333.00 572.8 G-78 63138 2022-11-14 63138 2022-11-14 წიგნი 333ლ.